[Event "Stay Safe Play From Home 290"]
[Site "Emanuel Lasker Arena"]
[Date "2020.07.09"]
[Round "8"]
[White "SoulofWolf"]
[Black "Mepe_Nika"]
[Result "1/2-1/2"]
[WhiteElo "2244"]
[BlackElo "2360"]
[Annotator "TA"]
[PlyCount "120"]
[EventDate "2020.07.09"]
[EventType "swiss (blitz)"]

{[%evp 9,119,12,14,0,10,6,68,43,50,37,122,23,187,9,378,24,43,34,35,-1,57,-9,45,-20,-7,-8,-9,-31,23,-58,-33,-28,-31,-20,-22,-41,-4,-4,0,-48,-48,-31,-29,-109,-72,-100,0,0,0,-98,-26,-25,-31,-32,0,0,0,0,11,0,0,-90,-39,-164,-79,-158,-154,-391,-399,-404,-376,-393,-376,-373,-367,-326,-294,-357,-328,-336,-321,-337,-314,-475,-457,-542,-545,-518,-508,-494,-404,-558,-542,-29967,-29968,-29989,-29990,-29991,-29992,-29992,-6179,-29991,-29970,-29991,-29990,-29990,-29991,-29992,-29992,-29994,-29994,-29995]} 1. c4 c6 2. Nf3 d5 3. e3 Nf6 4. b3 e6 5. Bb2 Bd6 6. g4 {[#] A06: Réti Opening: 1 Nf3 d5.} Nxg4 $146 ({Predecessor:} 6... O-O 7. g5 Nfd7 8. h4 e5 9. cxd5 cxd5 10. Nc3 e4 11. Nd4 Ne5 12. Be2 Be6 13. d3 exd3 14. Bxd3 {½-½ (37) Dzagnidze,N (2509)-Muzychuk,A (2555) Batumi 2018}) 7. Rg1 f5 ({Of course not} 7... Nxh2 $6 8. Nxh2 Bxh2 9. Rg2 $16 (9. Rxg7 Bd6 $14)) (7... e5 $11) 8. h3 $14 {White is slightly better.} Nf6 9. Rxg7 {And now Ng5 would win.} Nbd7 (9... Kf8 $1 $14 10. Rg2 Rg8) 10. d4 (10. Ng5 $16 Ne5 11. f4) 10... b6 $2 {[#]} (10... Kf8 $11 11. Rg2 (11. Ng5 Qe8 $17) 11... Rg8) 11. Bd3 $2 (11. Ng5 $1 $18 {[%cal Rg5e6]} Nf8 12. c5) 11... Bb7 $2 {[%mdl 8192]} (11... Kf8 $11 12. Rg1 Rg8) 12. Nbd2 $2 (12. Ng5 $18) 12... Rg8 13. Rxg8+ Nxg8 14. Qc2 Qf6 (14... Ngf6 $11) 15. Kd1 (15. O-O-O $14) 15... O-O-O (15... Qf7 $11) 16. a3 (16. c5 $14 Bc7 17. b4) 16... Ne7 $11 17. b4 Bc7 18. Kc1 Ba6 (18... Qg6 $15) 19. b5 (19. Kb1 $11) 19... cxb5 20. cxb5 {Kd1 is the strong threat.} Bb7 21. Kb1 Kb8 22. Ka2 Bd6 23. Rc1 Rc8 24. Qb3 Rxc1 25. Bxc1 Qg7 26. Bb2 (26. Qd1 $11 {remains equal.}) 26... Nf6 27. Ne5 Bxe5 (27... Qg2 $17 28. Ndf3 Qxf2) 28. dxe5 Ne4 29. Bxe4 (29. Nxe4 $11 dxe4 30. Bc4) 29... fxe4 (29... dxe4 $17 30. Qd1 Qg2) 30. Qb4 Nc8 31. Nb3 Qe7 (31... d4 $5) 32. Qd2 Qe8 $36 {[%mdl 2048] Black is more active.} 33. a4 Qh5 34. Bc3 Qxh3 35. Kb2 {[#]} (35. Qe2 $11 {keeps the balance.}) 35... Qh5 (35... Qg4 $1 $17 36. Nd4 h5) 36. Bd4 ({White should play} 36. Nd4 $15) 36... Qe8 (36... Qg4 $19 {is more deadly.} 37. Kc2 h5) 37. Qc3 ({White should try} 37. Qe2) 37... h5 $17 {Strongly threatening ...h4.} 38. Nd2 $2 (38. Qc1 $17) 38... h4 $19 39. Qc1 h3 40. Nf1 Qh5 41. Ng3 Qf3 42. Qg1 Qg2 43. Qf1 Qxf1 44. Nxf1 {[%mdl 4096] Endgame KBN-KBN} Ne7 45. Kc3 Nf5 46. Nh2 (46. Kd2 $142) 46... Nh4 47. Ng4 Nf3 48. Kc2 h2 49. Nxh2 Nxh2 50. Bc3 Ng4 51. f3 exf3 52. Kd3 {[#]} d4 $1 {[%mdl 64] Promotion} 53. Bxd4 f2 54. Ke2 Bf3+ (54... Bg2 $142 55. Kd2 f1=Q 56. Bxb6 axb6 57. a5 Be4 58. Kc3 Nxe3 59. Kd2 Nc2 60. Kc3 Qb1 61. axb6 Qb4#) 55. Kf1 Kb7 {Black mates.} 56. Bc3 a6 57. bxa6+ Kxa6 58. a5 bxa5 59. Bxa5 Kxa5 60. e4 Kb5 {Quite a comeback for Black. Accuracy: White = 40%, Black = 55%.} 1/2-1/2

[Event "Stay Safe Play From Home 290"]
[Site "Emanuel Lasker Arena"]
[Date "2020.07.09"]
[Round "8"]
[White "Viani A Dcunha"]
[Black "Mandy"]
[Result "1-0"]
[WhiteElo "2211"]
[BlackElo "897"]
[Annotator "TA"]
[PlyCount "17"]
[EventDate "2020.07.09"]
[EventType "swiss (blitz)"]

{[%evp 9,16,60,48,41,70,38,243,210,29999]} 1. e4 c6 2. d4 d5 3. Nc3 dxe4 4. Nxe4 Qd5 5. Nc3 Qd8 6. Bc4 {B01: Scandinavian Defence.} Bf5 {6...e6 is the modern continuation. has lost popularity (6...e6).} 7. Nf3 {[#]} g6 $146 (7... e6 $14) ({Predecessor:} 7... e6 8. Qe2 Nd7 9. Bf4 Bb4 10. a3 Be7 11. h3 Ngf6 12. O-O-O b5 13. Bb3 b4 14. axb4 Bxb4 {0-1 (53) Savchenko,B (2585)-Levin,E (2545) Sochi 2017}) 8. Ne5 $18 {[%csl Ge5][%cal Rc4f7] [#]} Nf6 $2 (8... Be6 $18 9. d5 (9. Bxe6 fxe6 10. O-O Nf6 $18) 9... cxd5) 9. Bxf7# {White took control after the opening.} 1-0

[Event "Stay Safe Play From Home 290"]
[Site "Emanuel Lasker Arena"]
[Date "2020.07.09"]
[Round "8"]
[White "Lamborghini"]
[Black "AChessPlayer"]
[Result "0-1"]
[WhiteElo "2203"]
[BlackElo "2405"]
[Annotator "TA"]
[PlyCount "110"]
[EventDate "2020.07.09"]
[EventType "swiss (blitz)"]

{[%evp 16,110,19,18,22,18,6,4,58,19,22,8,50,50,66,47,41,42,120,40,39,33,93,42,70,62,127,68,392,390,495,506,508,492,491,505,466,466,609,609,535,370,386,320,308,250,281,288,291,281,286,260,262,270,268,226,224,154,279,196,637,-23,-25,-145,14,-99,919,-29970,-29970,-29970,-12204,-29972,-29973,-29972,-29973,-29971,-29968,-29978,-29973,-29978,-29979,-29979,-29979,-29979,-29980,-29980,-29981,-29983,-29983,-29984,-29984,-29984,-29985,-29985,-29986,-29986,-29987]} 1. e4 c6 2. d4 d5 3. Nc3 dxe4 4. Nxe4 Nf6 5. Nxf6+ exf6 6. Bc4 Bd6 7. Qe2+ Qe7 8. Qxe7+ Kxe7 9. Ne2 Re8 {B15: Caro-Kann: 3 Nc3: 3...g6 and 3...dxe4 4 Nxe4 Nf6 5 Nxf6+ exf6.} 10. Bf4 Bxf4 11. Nxf4 {[#]} Nd7 $146 (11... Kf8+ $11 12. Kd2 Bf5) ({Predecessor:} 11... Bf5 12. O-O-O Kf8 13. f3 Nd7 14. g4 Nb6 15. Bxf7 Kxf7 16. gxf5 Nc4 17. Ne6 Re7 {½-½ (30) Belyakov,B (2489)-Roesemann,R (2268) Pardubice 2018}) 12. Kd2 Kf8 13. Rhe1 Rxe1 (13... Rd8 {feels hotter.} 14. b3 Nb6 15. Kc3 Nxc4 16. bxc4 b5) 14. Rxe1 Nb6 15. Bb3 a5 {aiming for ...a4.} 16. a3 $36 {[%mdl 2048] White has the initiative.} g5 (16... Bf5 $14) 17. Nd3 (17. Nh5 $1 $16) 17... Bf5 18. Nc5 Rb8 (18... a4 $14 19. Ba2 Nc8) 19. f3 (19. f4 $16) 19... h5 20. c4 h4 (20... Nd7 $1 $14) 21. Kc3 (21. Bc2 $1 $16 {[%cal Rc2f5]} Bxc2 22. Kxc2) 21... Nc8 $2 {[%mdl 8192]} (21... Nd7 $1 $14) 22. Bc2 $1 $18 {[%cal Rc2f5]} Bxc2 23. Nd7+ {[%mdl 64] Double Attack} ({Not} 23. Kxc2 Ra8 $16) 23... Kg7 24. Nxb8 {[%mdl 4096] Endgame KRN-KBN} Bf5 25. g4 hxg3 26. hxg3 g4 27. fxg4 Bxg4 28. Re4 f5 29. Re8 Nd6 30. Rd8 Ne4+ {[#]} 31. Kd3 $1 Nxg3 {[#] intending ...f4.} 32. Ke3 $1 Nh5 {Threatens to win with ...f4+.} 33. Nd7 f4+ 34. Kf2 Ng3 {Hoping for ...Ne4+.} 35. Ne5 Ne4+ 36. Kf1 Bh5 (36... Be6 $16 {might work better.}) 37. d5 f3 $2 (37... cxd5 38. Rxd5 f5 39. Rxa5 Kf6) 38. Nxf3 $2 (38. d6 $18) 38... Bxf3 $11 39. d6 (39. dxc6 $1 $11 {remains equal.} bxc6 40. Ra8) 39... Nc5 $2 (39... Kf6 $17 {...b6 is the strong threat.} 40. d7 Bg4) 40. d7 (40. b4 $11 Ne6 41. Rb8 axb4 42. axb4) 40... Ne6 $2 {[%mdl 8192]} (40... Kf6 $17 41. b4 axb4 42. axb4 Ke7 {[%mdl 64] Double Attack} 43. Re8+ Kxd7) 41. Rg8+ $4 {[%mdl 8192]} (41. Re8 $18) 41... Kxg8 42. Kf2 Nd8 (42... a4 $142 43. Kxf3 Kf8 44. Kg4 Ke7 45. Kf5 Kxd7 46. Ke5 Ke7 47. c5 Nxc5 48. Kd4 Kd6 49. Kc4 f5 50. Kd4 f4 51. Kc3 Kd5 52. Kc2 f3 53. Kd2 Ke4 54. Ke1 Ke3 55. Kf1 Ne4 56. Kg1 f2+ 57. Kg2 Ke2 58. Kh3 f1=Q+ 59. Kg4 Qf3+ 60. Kh4 Qg3+ 61. Kh5 Qg5#) 43. Kxf3 $19 {KN-KP} Kf8 {Black mates.} 44. Ke4 Ke7 45. Ke5 Kxd7 {KN-K3P} 46. b4 Kc7 47. c5 axb4 48. axb4 {KN-KPP} Kd7 49. Kf6 Ke8 50. Ke5 Ke7 51. Kd4 Ke6 52. Kc4 f5 53. Kd4 Kf6 54. Ke3 Ke5 55. Kf3 f4 {Accuracy: White = 43%, Black = 37%.} 0-1

[Event "Stay Safe Play From Home 290"]
[Site "Emanuel Lasker Arena"]
[Date "2020.07.09"]
[Round "8"]
[White "Ironmike"]
[Black "Lazieri3"]
[Result "0-1"]
[WhiteElo "1927"]
[BlackElo "2050"]
[Annotator "TA"]
[PlyCount "122"]
[EventDate "2020.07.09"]
[EventType "swiss (blitz)"]
[WhiteTeam "SV Horst-Emscher I"]

{[%evp 10,121,0,-17,0,8,29,-20,-9,-51,-54,-63,-54,-81,-56,-128,-131,-139,-140,-135,-94,-95,-97,-84,-57,-65,-40,-151,-127,-134,-125,-320,-299,-306,-316,-518,-520,-462,-326,-341,-339,-454,-430,-418,-455,-435,-395,-379,-239,-252,-255,-29979,-754,-728,-721,-889,-887,-968,-959,-29983,-952,-1872,-1857,-5936,-1095,-5716,-1120,-1094,-1044,-1123,-1161,-1305,-1306,-1245,-1149,-2916,-2661,-29980,-29982,-29982,-29971,-29984,-29985,-29985,-29986,-29987,-29986,-29986,-29987,-29990,-29990,-29991,-29992,-29992,-29993,-29994,-29991,-29993,-29993,-29999,-29993,-29993,-29992,-29996,-29997,-29997,-29998,-29998,-29998,-29998,-29998,-29998,-29999,-29999]} 1. e4 c6 2. Nf3 d5 3. exd5 cxd5 4. d4 Nc6 5. Nc3 Nf6 6. Bb5 Bf5 {B13: Caro-Kann: Exchange Variation and Panov-Botvinnik Attack.} 7. Ne5 Rc8 (7... Bd7 {keeps more tension.} 8. O-O e6 9. Bf4 Rc8 10. Nxd7 Nxd7 11. Ne2 a6) 8. Nxc6 (8. g4 {seems wilder.} Be6 9. f4 g6 10. Qe2 Bg7 11. Bxc6+ bxc6 12. Rf1) 8... bxc6 {[#] The position is equal.} 9. Ba4 $146 ({Predecessor:} 9. Ba6 Rb8 10. b3 Qa5 11. Qf3 Be4 12. Qd1 Qxa6 13. Bb2 Bxg2 14. Rg1 Be4 15. Qd2 {0-1 (22) Cordeiro,A-Rodsmoen,M (1812) Caldas Novas 2011}) 9... e6 10. O-O Bd6 11. Bb3 O-O 12. f4 (12. Bg5 $15) 12... c5 $17 13. h3 cxd4 14. Ne2 d3 15. cxd3 Qb6+ 16. Kh1 Rfd8 17. Ng3 Bg6 18. d4 (18. Qf3 $15) 18... h6 19. Rf3 Ne4 $36 {[%mdl 2048] White is under strong pressure.} 20. f5 $2 {White does not recover from this.} (20. Nxe4 $17 Bxe4 21. Rf1) 20... Nxg3+ 21. Rxg3 Bxg3 ({Don't play} 21... Bxf5 22. Rf3 $19) 22. Qg4 $2 (22. fxg6 {is the only way for White.} fxg6 23. Qd3) 22... Bxf5 $19 23. Qxg3 Kf8 24. Be3 Bc2 25. Rf1 Bxb3 26. axb3 Qxb3 27. Rf3 Qd1+ 28. Kh2 Rc2 29. Qh4 {[%cal Rh4d8]} Rd7 {Hoping for ...Qxf3.} 30. Bxh6 $2 {[#]} (30. Rg3 $19 Qe2 31. Qf4) 30... gxh6 (30... Qxf3 $142 31. Bxg7+ Kxg7 32. Qg5+ Kh7 33. Kh1 Qd1+ 34. Kh2 Qxd4 35. h4 Qg7 36. Qh5+ Qh6 37. Qg4 Rc4 38. Qf3 Rxh4+ 39. Kg1 Qc1+ {[%mdl 64] Double Attack} 40. Kf2 Qd2+ 41. Kg3 Qg5+ 42. Kf2 Qd2+ 43. Kg3 Qe1+ 44. Qf2 {[#]} Rg4+ $1 {[%mdl 512]} 45. Kh3 Qxf2 46. Kxg4 Kg6 47. g3 f5+ 48. Kh4 Rh7#) 31. Qxh6+ Ke7 {aiming for ...Qxf3.} 32. Qf6+ Kd6 33. Qe5+ Kc6 {...Qxf3 is the strong threat.} 34. b4 a6 (34... Qxf3 $142 35. Qg5 Qe4 36. b5+ Kxb5 37. Qg4 Qxg4 38. hxg4 a5 39. Kg3 a4 40. g5 a3 41. g6 a2 42. g7 a1=Q 43. g8=Q Qe1+ 44. Kh3 Qh1+ 45. Kg3 Rxg2+ 46. Kf3 Qh3+ 47. Kf4 Qf5+ 48. Ke3 Qe4#) 35. Rg3 Rc1 {[%csl Gc1][%cal Rd1h1]} 36. Rf3 Qg1+ 37. Kg3 Qe1+ 38. Qxe1 Rxe1 39. Rc3+ Kb5 40. Kf2 Re4 41. Rc8 Rxd4 42. g4 Rxb4 43. h4 Rxg4 {Black mates.} 44. h5 Rh4 45. h6 Rxh6 46. Rb8+ Kc6 47. Ke2 Kd6 48. Rb6+ Ke5 49. Rxa6 f5 50. Ra3 Rh2+ 51. Kf1 Rdh7 52. Kg1 R7h3 53. Ra7 Rb2 54. Kf1 Rc3 {[%cal Rc3c1]} 55. Ra1 Rcb3 56. Rb1 Rxb1+ 57. Ke2 R1b2+ 58. Kd1 Ra2 {[%cal Rb3b1]} 59. Kc1 Rh3 {[%cal Rh3h1]} 60. Kb1 Rg2 {[%cal Rh3h1]} 61. Kc1 Rh1# {Accuracy: White = 46%, Black = 47%.} 0-1

[Event "Stay Safe Play From Home 290"]
[Site "Emanuel Lasker Arena"]
[Date "2020.07.09"]
[Round "8"]
[White "Tartak"]
[Black "Fischer_11"]
[Result "0-1"]
[WhiteElo "1754"]
[BlackElo "2114"]
[Annotator "NA"]
[PlyCount "24"]
[EventDate "2020.07.09"]
[EventType "swiss (blitz)"]

1. d4 {[%emt 0:00:02]} e5 {[%emt 0:00:01]} 2. dxe5 {[%emt 0:00:01]} Nc6 {[%emt 0:00:00]} 3. Nc3 {[%emt 0:00:01]} Qe7 {[%emt 0:00:00]} 4. e4 {[%emt 0:00:01]} Nxe5 {[%emt 0:00:01]} 5. f4 {[%emt 0:00:01]} Nc6 {[%emt 0:00:02]} 6. e5 {[%emt 0:00:01]} d6 {[%emt 0:00:01]} 7. Nf3 {[%emt 0:00:01]} dxe5 {[%emt 0:00:01]} 8. fxe5 {[%emt 0:00:01]} Nxe5 {[%emt 0:00:01]} 9. Be2 {[%emt 0:00:01]} Nxf3+ {[%emt 0:00:01]} 10. gxf3 {[%emt 0:00:01]} Qh4+ {[%emt 0:00:01]} 11. Kf1 {[%emt 0:00:02]} Bc5 {[%emt 0:00:00]} 12. Qe1 {[%emt 0:00:02]} Qh3# {[%emt 0:00:02] (Lag: Av=0.32s, max=0.4s)} 0-1

[Event "Stay Safe Play From Home 290"]
[Site "Emanuel Lasker Arena"]
[Date "2020.07.09"]
[Round "8"]
[White "Klasman"]
[Black "Trotsky"]
[Result "0-1"]
[WhiteElo "1400"]
[BlackElo "1598"]
[Annotator "NA RC"]
[PlyCount "42"]
[EventDate "2020.07.09"]
[EventType "swiss (blitz)"]

1. f4 {[%emt 0:00:01]} d5 {[%emt 0:00:01]} 2. Nf3 {[%emt 0:00:01]} c5 {[%emt 0:00:01]} 3. c4 {[%emt 0:00:01]} e6 {[%emt 0:00:01]} 4. cxd5 {[%emt 0:00:02]} exd5 {[%emt 0:00:01]} 5. e3 {[%emt 0:00:01]} Nc6 {[%emt 0:00:01]} 6. Bb5 {[%emt 0:00:01]} Be6 {[%emt 0:00:01]} 7. Ne5 {[%emt 0:00:01]} Qc7 {[%emt 0:00:01]} 8. Qa4 {[%emt 0:00:02]} Bd6 {[%emt 0:00:03]} 9. Nxc6 {[%emt 0:00:01]} a6 {[%emt 0:00:03]} 10. Bxa6 {[%emt 0:00:14]} Rxa6 {[%emt 0:00:03]} 11. Na5+ {[%emt 0:00:06]} Bd7 {[%emt 0:00:02]} 12. Nxb7 {[%emt 0:00:08]} Bxa4 {[%emt 0:00:03]} 13. Nxd6+ {[%emt 0:00:01]} Rxd6 {[%emt 0:00:03]} 14. Nc3 {[%emt 0:00:01]} Bc6 {[%emt 0:00:02]} 15. a4 {[%emt 0:00:02]} Nf6 {[%emt 0:00:01]} 16. a5 {[%emt 0:00:02]} d4 {[%emt 0:00:01]} 17. exd4 {[%emt 0:00:02]} Bxg2 {[%emt 0:00:02]} 18. Rg1 {[%emt 0:00:03]} Re6+ {[%emt 0:00:01]} 19. Kf2 {[%emt 0:00:03]} Bh3 {[%emt 0:00:03]} 20. Rxg7 {[%emt 0:00:02]} Qxf4+ {[%emt 0:00:02]} 21. Kg1 {[%emt 0:00:05]} Ng4 {[%emt 0:00:03] Time (Lag: Av=0.29s, max=0.5s)} 0-1

[Event "Stay Safe Play From Home 290"]
[Site "Emanuel Lasker Arena"]
[Date "2020.07.09"]
[Round "9"]
[White "AChessPlayer"]
[Black "Viani A Dcunha"]
[Result "0-1"]
[WhiteElo "2413"]
[BlackElo "2211"]
[Annotator "TA"]
[PlyCount "94"]
[EventDate "2020.07.09"]
[EventType "swiss (blitz)"]

{[%evp 9,93,59,40,43,66,0,0,5,0,0,2,-3,2,-32,-35,-52,-37,-87,-54,-72,-75,-90,-85,-80,-44,-54,-40,-43,-42,-47,-47,-39,-45,-45,-46,-47,-51,-46,-39,-52,-38,-112,-93,-108,-116,-190,-131,-160,-117,-121,-101,-128,-128,-151,-121,-194,-122,-247,-123,-283,-277,-264,-270,-1006,-950,-1139,-1084,-1721,-1788,-2954,-2798,-2429,-2310,-5489,-1758,-29983,-5506,-29986,-29987,-29987,-29988,-29991,-29991,-29998,-29999,-29999]} 1. Nf3 c5 2. g3 Nc6 3. Bg2 e5 4. O-O e4 5. Ne1 d5 {[#]} 6. d3 $146 {A04: Unusual lines after 1 Nf3 and King's Indian Attack.} ({Predecessor:} 6. f3 f5 7. d3 Be6 8. dxe4 Nf6 9. exf5 Bxf5 10. c4 d4 11. Nd3 Be7 12. Qa4 {0-1 (24) Sroka,A (1335)-Schulz Runge,M (1701) Dortmund 2006}) 6... exd3 7. cxd3 (7. Nxd3 $14 Be7 8. b3) 7... Nf6 $11 8. Nc3 {The position is equal.} d4 9. Ne4 Nxe4 10. Bxe4 Be7 11. Bg2 O-O 12. Bd2 Be6 13. b3 Bd5 14. Rc1 Bxg2 15. Nxg2 b6 16. Qc2 Bd6 17. Qc4 Ne5 18. Qd5 Qe7 19. Bf4 Rad8 {Strongly threatening ...Bb8.} 20. Bxe5 Bxe5 21. Qf3 Rfe8 22. Rfd1 Bf6 23. Rc2 Qe6 24. h4 h6 25. g4 ({White should try} 25. Re1 $15) 25... Qe7 26. h5 Bg5 27. a4 {[#]} (27. Rb1 $17) 27... Rd6 (27... f5 $1 $19 {[%mdl 512]} 28. gxf5 (28. Qxf5 Rf8) 28... Qf7) 28. Rb1 Rf6 29. Qg3 Re6 30. f4 Bf6 31. Re1 Qd8 32. Kf1 (32. Qf3 $17) 32... Kh8 ({Better is} 32... Qd7 $19 {Threatens to win with ...Re3!} 33. a5 Re3 $1 {[%mdl 512]} 34. Nxe3 Rxe3) 33. Qf3 {[#]} (33. Rb1 $17) 33... Bh4 (33... Qd7 $1 $19 {has better winning chances.} 34. a5 Qb5 35. axb6 axb6) 34. Rb1 $2 {[#]} (34. Ra1 $17) 34... Re3 $1 $19 {[%cal Re3f3][%mdl 512]} 35. Nxe3 Rxe3 36. Qg2 $2 (36. Qb7 Kh7 37. Kg2 (37. Qxf7 {leads to mate.} Qa8 38. Qg6+ Kh8 39. Qe4 Rxe4 40. dxe4 Qxe4 {[%mdl 64] Double Attack} 41. Kg1 Qe3+ 42. Kg2 Bf2 43. Rc3 dxc3 44. Rh1 Qg3+ {[%mdl 64] Double Attack} 45. Kf1 Be3 46. f5 Qf2#)) 36... Qf6 37. f5 Qe5 38. b4 Qf4+ 39. Kg1 {[#]} Rg3 $1 {[%mdl 576] Double Attack} 40. e4 dxe3 41. bxc5 bxc5 (41... Rxg2+ $142 42. Rxg2 Bf2+ 43. Kh1 bxc5) 42. f6 gxf6 (42... Rxg2+ $142 43. Rxg2 Bf2+ 44. Kh1 e2 45. g5 hxg5 46. h6 gxf6 47. Rxf2 Qxf2 48. Rb8+ Kh7 49. Re8 g4 50. Rxe2 Qxe2 51. a5 g3 52. Kg1 Qh2+ {[%mdl 64] Double Attack} 53. Kf1 Qf2#) 43. Re2 Rxg2+ {Black mates.} 44. Rxg2 Bf2+ 45. Kh1 Qf3 46. Rf1 Qh3+ 47. Rh2 Qxf1# {Accuracy: White = 40%, Black = 67%.} 0-1

[Event "Stay Safe Play From Home 290"]
[Site "Emanuel Lasker Arena"]
[Date "2020.07.09"]
[Round "9"]
[White "Mepe_Nika"]
[Black "Trotsky"]
[Result "1-0"]
[WhiteElo "2354"]
[BlackElo "1606"]
[Annotator "TA"]
[PlyCount "43"]
[EventDate "2020.07.09"]
[EventType "swiss (blitz)"]

{[%evp 15,43,38,104,42,190,184,296,214,394,388,371,314,570,565,1061,1066,1062,1027,1105,1102,1099,1097,1038,1035,1145,1150,2285,2090,5352,5343]} 1. g3 d5 2. Bg2 e6 3. c4 c5 4. cxd5 exd5 5. Nf3 Be6 6. O-O Nf6 7. d4 Nc6 8. Nc3 c4 (8... Be7 $14) 9. b3 {[#] D33: Tarrasch Defence: 6 g3 sidelines.} ({Better is} 9. Ng5 $16) 9... a6 $146 (9... Bb4 $14 10. Bb2 O-O) ({Predecessor:} 9... Bb4 10. Bd2 Qa5 11. Qc1 b5 12. a3 Bxc3 13. Bxc3 Qc7 14. bxc4 bxc4 15. Ng5 O-O 16. Qc2 Rfe8 {1-0 (87) Lysenko,M (2190)-Belova,O (2069) St Petersburg 2018}) 10. bxc4 $18 Bd6 (10... Bb4 $142) 11. cxd5 {White has a decisive advantage.} Bxd5 $2 {[#]} (11... Nxd5 12. Bd2 O-O) 12. Nxd5 Nxd5 13. e4 Nf6 $2 (13... Nc3) 14. e5 {White is clearly winning.} Nxe5 15. dxe5 Bxe5 16. Nxe5 Qxd1 17. Rxd1 O-O 18. Ba3 Rfe8 19. Nd7 Nxd7 20. Rxd7 b5 21. Bd5 h6 22. Bxf7+ {Black did not feel at home in the position after the opening.} 1-0

[Event "Stay Safe Play From Home 290"]
[Site "Emanuel Lasker Arena"]
[Date "2020.07.09"]
[Round "9"]
[White "Weltszmerc"]
[Black "Lamborghini"]
[Result "0-1"]
[WhiteElo "2186"]
[BlackElo "2195"]
[Annotator "TA"]
[PlyCount "114"]
[EventDate "2020.07.09"]
[EventType "swiss (blitz)"]

{[%evp 14,114,52,10,32,-7,-30,-38,7,0,7,3,14,16,79,36,135,85,110,0,0,-150,0,-214,-208,-271,-263,-260,-183,-228,-188,-230,-237,-227,-235,-213,-151,-198,-195,-233,-209,-246,-245,-362,-363,-362,-354,-548,-489,-795,-789,-1444,-1302,-1170,-1185,-12833,-12835,-29986,-12835,-12836,-12836,-12836,-12837,-12835,-12836,-12839,-12837,-12837,-12837,-12838,-12823,-12834,0,-12838,-12837,-12837,-12838,-12838,-12839,-12839,-12839,-12840,-12836,-29992,-12841,-12847,-12846,-12849,-12848,-12849,-12847,-12847,-12847,-12848,-12848,-12849,0,-12850,-12847,-12849,-12848,-12850,0]} 1. d4 Nf6 2. c4 g6 3. Nc3 Bg7 4. e4 O-O 5. f3 d6 6. Nge2 Nc6 7. Be3 a6 8. g4 b5 {E83: King's Indian: Sämisch Panno (6...Nc6): Lines without either Nge2 or Qd2.} 9. Qd2 {[#]} Na5 $146 ({Predecessor:} 9... e5 10. d5 Na5 11. Ng3 Bd7 12. cxb5 axb5 13. Nxb5 Qb8 14. a4 Nb3 15. Qd1 Nxa1 16. Kf2 c6 17. dxc6 Bxc6 {0-1 (17) Pandey,A (1833)-Pomeroy,A (2108) Wellington 2013}) 10. Ng3 Nxc4 {Black is slightly better.} 11. Bxc4 bxc4 12. Bh6 Bxh6 13. Qxh6 Rb8 (13... Kh8 $11) 14. O-O-O (14. g5 $5 {[%cal Rg5f6]} Nh5 15. Nxh5 gxh5 16. O-O-O $14) 14... c6 (14... Kh8 $14) 15. h4 $16 Qa5 16. Rh2 {[#]} (16. h5 $16 {Black must now prevent g5.} g5 17. d5) 16... Bxg4 $1 $40 {[%mdl 640] Black mounts an attack.} 17. Rf2 (17. Qg5 $1 $11 Qxg5+ 18. hxg5 Bxf3 19. Rf1) (17. fxg4 Nxg4) 17... Bh5 ({Better is} 17... Bd7 $17 {Strongly threatening ...c5.} 18. Qg5 Qxg5+ 19. hxg5 Ne8) 18. Nxh5 $2 (18. Rg1 $1 $11 {and White is okay.} Bg4 19. Qg5) 18... Qxh5 19. Qxh5 Nxh5 ({Not} 19... gxh5 20. e5 $17) 20. f4 Rfd8 21. f5 Nf6 22. d5 cxd5 23. Nxd5 Nxd5 24. Rxd5 $19 {[%mdl 4096] Endgame KRR-KRR} Rbc8 25. h5 Rc5 ({Don't play} 25... gxh5 26. f6 $17) 26. hxg6 hxg6 27. fxg6 fxg6 28. Rxc5 (28. Kd2 $142) 28... dxc5 {KR-KR} 29. Kc2 Rd4 30. Re2 (30. Rf3 $142 Rxe4 31. Kd2) 30... Kg7 31. Kc3 (31. Rg2 $142 Rxe4 32. Rg3) 31... g5 32. e5 Kg6 33. e6 g4 34. Re5 g3 35. Re3 {[#]} Rg4 (35... Rd3+ $142 $1 36. Rxd3 cxd3 37. b4 g2 38. Kxd3 g1=Q 39. bxc5 Qxc5 40. Ke4 Qc4+ $1 {[%mdl 512]} 41. Ke3 Kf5 42. Kf3 Qc3+ 43. Ke2 Kf4 44. a4 Qc2+ {[%mdl 64] Double Attack} 45. Ke1 Ke3 46. Kf1 Qf2#) 36. Re1 Kf5 37. Kd2 g2 38. Rg1 Kxe6 39. Ke3 Kd5 40. Kf3 Rg6 41. Kf2 Rf6+ 42. Ke2 Rg6 43. Kf2 e5 44. Rd1+ Ke4 45. Kg1 {[#]} c3 $1 46. bxc3 c4 47. a4 Rb6 {( -> ...Kf3)} 48. Re1+ Kd3 (48... Kf3 $142 49. a5 Rh6 50. Re3+ Kxe3 51. Kxg2 Rg6+ 52. Kh3 Kf4 53. Kh2 Kf3 54. Kh1 Kf2 55. Kh2 Rh6#) 49. Rxe5 Kxc3 50. Kxg2 Rb2+ 51. Kf3 Rb4 52. a5 Kb3 53. Ke4 c3+ 54. Kd3 c2 $2 (54... Rb5 $19 55. Rxb5+ axb5) 55. Re1 $2 {[%mdl 8192]} (55. Rc5 $11) 55... Kb2 {Black is clearly winning.} 56. Kd2 Rb3 57. Rc1 {[#]} Rb5 $2 {[%mdl 32768] Accuracy: White = 45%, Black = 64%. . Loss on time!?} (57... Rd3+ $1 $19 {[%mdl 512]} 58. Kxd3 Kxc1 59. Ke3 Kb2 60. Kf3 c1=Q 61. Kg4 Kc3 62. Kf5 Kd4 63. Kf6 Ke4 64. Kg6 Qc6+ 65. Kg7 Kf5 66. Kg8 Kf6 67. Kh8 Qd7 68. Kg8 Qg7#) 0-1